000 01547cam a22003251i 4500
003 SA-RiAUC
005 20250715062720.0
008 250714q19001999su f b f000 0 ara c
020 _a4159085
040 _aSA-RiIPA
_bara
_cSA-RiAUC
_dKSU
_erda
043 _aa-su---
082 0 4 _a346.53102
_qSA-RiAUC
090 _a346.53102
_b ف هـ م
100 1 _aفهمي، أحمد منير
_eمؤلف.
245 1 2 _aالقواعد القانونية السعودية والدولية لعقود المقاولات والتوريد /
_cإعداد أحمد منير فهمي.
264 1 _aالرياض :
_bمجلس الغرف التجارية الصناعية السعودية،
_c[بين 1900 و1999]
300 _a223 صفحة ؛
_c24 × 17 سم
336 _aنص
_btxt
_2rdacontent
_3كتاب
337 _aبدون وسيط
_bn
_2rdamedia
338 _aمجلد
_bnc
_2rdacarrier
500 _aس ع/غ ت 3، 2/3/ق9ق1.
504 _aببليوجرافية : صفحة 210-213.
650 7 _aعقود المقاولة
_xقوانين وتشريعات
_xمطبوعات حكومية
_zالسعودية
_2aucsh
650 7 _aعقود التوريد
_xقوانين وتشريعات
_xمطبوعات حكومية
_zالسعودية
_2aucsh
650 7 _aالعقود التجارية
_xقوانين وتشريعات
_xمطبوعات حكومية
_zالسعودية
_2aucsh
650 7 _aالمطبوعات الحكومية
_2aucsh
856 4 _uhttp://10.0.0.80/Gov7/KH1099.pdf
942 _2ddc
_cBOOK
_n0
949 _aSA-JeALM
_d250714
_umohamedma123
_n1
999 _c9930
_d9930